000
00316nam a2200109Ia 4500
008
200302s9999 xx 000 0 und d
100
_a
E. S. Connor & Others
245
_a
Stabilisation, Disinfection and Odour Control in Sewage Sludge Treatment
260
_b
Water Research Centre
260
_c
1984
300
_a
292 P.,
999
_c
2009
_d
2009